000 00619nam a2200181Ia 4500
008 151202s9999||||xx |||||||||||||| ||und||
082 _bPNVM-70442
100 _aलेंडवे ज्ञानेश्‍वर.
245 _aकाळीजघाव.
260 _b"रावा प्रकाशन,कोल्हापूर."
260 _c70442
300 _a80
600 _aलेंडवे ज्ञानेश्‍वर.
630 _aकाळीजघाव.
700 _aलेंडवे ज्ञानेश्‍वर.
730 _aकाळीजघाव.
942 _cBOOK
999 _c1336951
_d1336948